000 02337cam a2200397 i 4500
999 _c4319
_d4319
001 1021065495305721
003 OSt
005 20250206092307.0
008 110225s2011 nyuac b 001 0 eng d
010 _a2011280605
020 _a9781405353298
035 _a(OCoLC)698365945
_z(OCoLC)505422726
_z(OCoLC)615874102
_z(OCoLC)709686823
_z(OCoLC)877926309
035 _a(OCoLC)ocn698365945
040 _aB2A
_beng
_erda
_cDLC
_dB2A
_dUKM
_dBTCTA
_dSINLB
_dQBX
_dGO6
_dUPZ
_dYDXCP
_dVP@
_dWT2
_dBDX
_dXY4
_dAUMCS
_dOCLCF
_dDAC
_dBMS
_dCUD
_dTULIB
_dYOL
_dOCLCQ
_dFEM
_dCUS
_dOCLCQ
_dOQX
_dJQM
_dSFR
_dCHILD
_dOCLCQ
_dPX9
_dWW9
_dOCLCO
_dWIMVL
_dOMB
_dM@S
_dTCH
_dPHUST
_dUKMGB
_dT3Q
_dHZL
_dUTP
_dDAC
_dOCL
_dCEG
_dKH8
042 _anbic
049 _aCEGA
082 0 _a100 THE
130 _aThe Philosophy Book
245 0 4 _aThe philosophy book /
_c[contributors, Will Buckingham [and others]]
250 _aFirst American edition.
264 1 _aLondon ;
_aNew York :
_bDK Publishing,
_c2011.
300 _a352 pages :
_billustrations (chiefly color), portraits ;
_c25 cm.
336 _atext
_btxt
_2rdacontent.
337 _aunmediated
_bn
_2rdamedia.
338 _avolume
_bnc
_2rdacarrier.
490 1 _aBig ideas simply explained.
504 _aIncludes bibliographical references and index.
520 _aHow did the universe begin? What is truth? How can we live good lives? Throughout history, humankind has asked these and other big questions about the nature of life and existence - and big thinkers have offered solutions that continue to shape our world. Written in plain English, The Philosophy Book is packed with short, pithy explanations that cut through the jargon, step-by-step diagrams that untangle knotty theories, classic quotes that make philosophy memorable, and witty illustrations that play with our ideas about ideas. Whether you're a complete beginner, an avid student, or an armchair expert, you'll find plenty of food for thought in this book.--Book jacket.
546 _aIn English.
650 0 _aPhilosophy
_vIntroductions.
650 7 _aPhilosophy.
_2fast
700 1 _aBuckingham, Will,
_econtributors.
776 0 8 _iPrint version:
_tPhilosophy book.
_b1st American ed.
_dLondon ; New York : DK Pub., 2011
_z0756668611
_z1405353295
_w(DLC) 2011280605
_w(OCoLC)698365945.
830 0 _aBig ideas simply explained.
942 _2ddc
_cNFIC